000 00546nam a2200205Ia 4500
005 20250508162733.0
008 008 250505s9999 xx 000 0 eng d
020 _a81-7024-238-X
037 _aTextual
040 _aFEDL
_beng
_cFEDL
041 _aeng
_2eng
084 _a305.4, SAP
_qFEDL
100 _aSapru R.K.
_9301447
245 0 _aWomen and development
260 _aNew Delhi, India
_bAshish Publishing House
_c1989
300 _a355p
650 _aWomen
942 _cTEXL
_h305.4, SAP
999 _c1378397
_d1378397